Missing Word: TV Shows with 'W' Quiz Stats

 Plays Quiz Updated Aug 26, 2014

Support Sporcle.
Go Orange.
Score 0/16 Timer 02:00
1 Play Today
Television Show Answer % Correct
Scooby-Doo, _____ Are You!Where
99.6%
_____ of FortuneWheel
98.1%
America's Most ______Wanted
96.9%
____ & Grace Will
95.8%
_____ Line Is It Anyway?Whose
92.4%
Boy Meets _____World
91.8%
The Bionic _____Woman
87.3%
The Good ____Wife
81.7%
Television Show Answer % Correct
_____ ScienceWeird
79.6%
_______ Back, KotterWelcome
76.2%
Cupcake ____Wars
74.3%
Wizards of _______ PlaceWaverly
73.6%
___ Ben Stein's MoneyWin
69.1%
The Joker's ____Wild
58.4%
____ in CincinnatiWKRP
55.8%
_____ TrainWagon
31%

Today's Daily Dose

You're not logged in!

Compare scores with friends on all Sporcle quizzes.
OR
Log In

From the Vault

4 Science Foursomes II

by sproutcm

Anyone else geeking out to the fact that the quiz title has numbers in digital, word, and Roman numeral form all at once?
Remove Ads.
Support Sporcle.
Get the best of Sporcle when you Go Orange. This ad-free experience offers more features, more stats, and more fun while also helping to support Sporcle. Thank you for becoming a member.

Show Comments

Extras

Top Quizzes Today


Score Distribution

Your Account Isn't Verified!

In order to create a playlist on Sporcle, you need to verify the email address you used during registration. Go to your Sporcle Settings to finish the process.

Report this User

Report this user for behavior that violates our Community Guidelines.

Details: